| 000 | 01508nam a2200385 a 4500 | ||
|---|---|---|---|
| 001 | ebr10528280 | ||
| 003 | CaPaEBR | ||
| 006 | m u | ||
| 007 | cr cn||||||||| | ||
| 008 | 110111s2011 iluac sb 001 0ceng d | ||
| 010 | _z 2011000944 | ||
| 020 | _z9780809330492 (cloth alk. paper) | ||
| 020 | _z0809330490 (cloth alk. paper) | ||
| 020 | _z9780809379996 (e-book) | ||
| 040 |
_aCaPaEBR _cCaPaEBR |
||
| 035 | _a(OCoLC)775361171 | ||
| 043 | _an-us--- | ||
| 050 | 1 | 4 |
_aE457.25 _b.W63 2011eb |
| 082 | 0 | 4 |
_a973.7092 _aB _222 |
| 100 | 1 | _aWinkle, Kenneth J. | |
| 245 | 1 | 0 |
_aAbraham and Mary Lincoln _h[electronic resource] / _cKenneth J. Winkle. |
| 260 |
_aCarbondale : _bSouthern Illinois University Press, _c2011. |
||
| 300 |
_aix, 147 p. : _bill., ports. |
||
| 490 | 1 | _aConcise Lincoln library | |
| 504 | _aIncludes bibliographical references and index. | ||
| 533 |
_aElectronic reproduction. _bPalo Alto, Calif. : _cebrary, _d2013. _nAvailable via World Wide Web. _nAccess may be limited to ebrary affiliated libraries. |
||
| 600 | 1 | 0 |
_aLincoln, Abraham, _d1809-1865 _xMarriage. |
| 600 | 1 | 0 |
_aLincoln, Mary Todd, _d1818-1882. |
| 650 | 0 |
_aPresidents _zUnited States _vBiography. |
|
| 650 | 0 |
_aPresidents' spouses _zUnited States _vBiography. |
|
| 655 | 7 |
_aElectronic books. _2local |
|
| 710 | 2 | _aebrary, Inc. | |
| 830 | 0 | _aConcise Lincoln library. | |
| 856 | 4 | 0 |
_uhttp://site.ebrary.com/lib/rucke/Doc?id=10528280 _zAn electronic book accessible through the World Wide Web; click to view |
| 999 |
_c145815 _d145815 |
||